000 00740nam a2200169 a 4500
001 000042373
005 20201002040119.0
008 131127s2013 sp 000 0 spa d
020 _a9789968809894
040 _aDO-SdBNP
_bspa
_cBNPHU
245 0 0 _aPulso parlamentario 2011-2012 :
_banálisis de la agenda política municipal en Centroamérica y República Dominicana /
_ccoordinación técnica Beatriz Fernández Jiménez, Paulo Hidalgo Cortéz.
260 _aSan José, Costa Rica :
_bFundación DEMUCA,
_c2013.
300 _a101 p. :
_bil. ;
_c28 cm.
504 _aIncluye referencias bibliográficas y notas al pie de las páginas
700 1 _aFernández Jiménez, Beatriz
_ecoor.
_969457
700 1 _aHidalgo Cortéz, Paulo
_ecoor.
_969458
999 _c41862
_d41862